Расчет и оптимизация тороидальных трансформаторов и дросселей

Detalles Bibliográficos
Autor Principal: Евсеев А. Н. Андрей Николаевич
Summary:В книге изложен принципиально новый подход к расчету тороидальных трансформаторов, основанный на разработанной авторами математической модели трансформатора. Рассмотрены вопросы оптимизации тороидальных трансформаторов по критериям минимальной массы, стоимости, максимального коэффициента полезного действия. Даны расчетные соотношения для расчета тока холостого хода и пускового тока включения. На основании расчетов составлены таблицы основных параметров оптимальных трансформаторов. Приведены программы расчета. Примененные в книге подходы и выводы могут быть распространены и на трансформаторы с магнитопроводами не тороидальной конструкции.
Idioma:ruso
Publicado: Москва, Горячая линия-Телеком, 2017
Edición:2-е изд., перераб. и доп.
Subjects:
Formato: MixedMaterials Libro
KOHA link:https://koha.lib.tpu.ru/cgi-bin/koha/opac-detail.pl?biblionumber=327912

MARC

LEADER 00000nam0a2200000 4500
001 327912
005 20231102004016.0
010 |a 9785991206181 
035 |a (RuTPU)RU\TPU\book\353599 
035 |a RU\TPU\book\222862 
035 |a RU\TPU\book\264076 
090 |a 327912 
100 |a 20111123d2017 km y0rusy50 ca 
101 0 |a rus 
102 |a RU 
105 |a a z 001zy 
200 1 |a Расчет и оптимизация тороидальных трансформаторов и дросселей  |f А. Н. Евсеев 
205 |a 2-е изд., перераб. и доп. 
210 |a Москва  |c Горячая линия-Телеком  |d 2017 
215 |a 368 с.  |c ил. 
320 |a Предметный указатель: с. 247-250 
320 |a Библиогр.: с. 251-252 
330 |a В книге изложен принципиально новый подход к расчету тороидальных трансформаторов, основанный на разработанной авторами математической модели трансформатора. Рассмотрены вопросы оптимизации тороидальных трансформаторов по критериям минимальной массы, стоимости, максимального коэффициента полезного действия. Даны расчетные соотношения для расчета тока холостого хода и пускового тока включения. На основании расчетов составлены таблицы основных параметров оптимальных трансформаторов. Приведены программы расчета. Примененные в книге подходы и выводы могут быть распространены и на трансформаторы с магнитопроводами не тороидальной конструкции. 
606 1 |a Трансформаторы тороидальные  |2 stltpush  |3 (RuTPU)RU\TPU\subj\61532  |9 78720 
610 1 |a условные обозначения 
610 1 |a холостой ход 
610 1 |a расчеты 
610 1 |a тепловой режим 
610 1 |a теория 
610 1 |a синусоидальное напряжение 
610 1 |a включение 
610 1 |a переходные процессы 
610 1 |a трансформаторы малой мощности 
610 1 |a параметры 
610 1 |a тороидальные дроссели 
675 |a 621.314.225  |v 4 
700 1 |a Евсеев  |b А. Н.  |g Андрей Николаевич 
801 1 |a RU  |b 63413507  |c 20170208 
801 2 |a RU  |b 63413507  |c 20191108  |g RCR 
942 |c BK 
959 |a 2/20170120  |d 1  |e 0  |f ЧЗТЛ:1